| 000 | 00821cab a22002295a 4500 | ||
|---|---|---|---|
| 001 | L157366 | ||
| 008 | 121113e20121110xxk 000 0 eng d | ||
| 035 | _a(Sirsi) u157366 | ||
| 041 | 0 | _aeng | |
| 100 | 1 | _aThame, David | |
| 245 | 0 | 0 |
_aFocus _bNorth West |
| 260 | _c2012 | ||
| 490 |
_aEstates Gazette _v(1245) 10 November 2012, 67-85(16) |
||
| 520 | _aIncludes the viability of regenerating the site that was occupied by the Manchester based ITV franchise Granada, Amazon's search for a mega-shed site in the North West, plans to make the North West a hub for shale gas production and future developments for Manchester Airport. | ||
| 590 | _aKA | ||
| 690 |
_aCommercial property _96227 |
||
| 700 | 1 | _aSimmons, Mark | |
| 700 | 1 | _aBinns, Simon | |
| 700 | 1 | _aQuinn, David | |
| 700 | 1 | _aThame, David | |
| 942 | _n0 | ||
| 999 |
_c84355 _d84355 |
||